000 00772cam a22002411 4500
999 _c21830
_d21830
001 6564130
003 BDDh-ASL
005 20231015030040.0
008 741217s19711961ii a f000 0 eng
010 _asa 62001105
035 _a(OCoLC)1113517
040 _aDLC
_cN
_dOCoLC
_dDLC
_dBDDh-ASL
042 _apremarc
050 0 0 _aDS448
_b.N38
082 _a327.54
_bNEI
100 1 _aNehru, Jawaharlal,
_d1889-1964.
245 1 0 _aIndia's foreign policy:
_bselected speeches, September 1946-April 1961 /
260 _aDelhi:
_bPublications Division, Ministry of Information and Broadcasting, Govt. of India,
_c1963.
300 _a612 p.
_billus.
_c24 cm.
651 0 _aIndia
_xForeign relations.
906 _a7
_bcbc
_coclcrpl
_du
_encip
_f19
_gy-gencatlg
942 _2ddc
_cBK